Statistics for Famous People - G

Click here to take the quiz!

General Stats

  • This quiz has been taken 21 times
  • The average score is 4 of 9

Answer Stats

HintAnswer% Correct
Founding fatherGeorge Washington
78%
TV ChefGordon Ramsay
72%
Manchester City and Brazil strikerGabriel Jesus
56%
Real Madrid forwardGareth Bale
56%
Take That memberGary Barlow
50%
FIFA world cup golden boot winner in 1986Gary Lineker
44%
Willy Wonka and the Chocolate Factory actorGene Wilder
44%
Talk show hostGraham Norton
22%
Batman actorGary Oldman
11%

Score Distribution

Percentile by Number Answered

Percent of People with Each Score

Your Score History

You have not taken this quiz